Text book of surveying (Record no. 9715)

000 -LEADER
fixed length control field 00462nam a2200193 4500
001 - CONTROL NUMBER
control field 9715
003 - CONTROL NUMBER IDENTIFIER
control field BD-DhUET
008 - FIXED-LENGTH DATA ELEMENTS--GENERAL INFORMATION
fixed length control field 150201b xxu||||| |||| 00| 0 eng d
040 ## - CATALOGING SOURCE
Original cataloging agency DLC
Transcribing agency DLC
Modifying agency BD-DhUET
082 ## - DEWEY DECIMAL CLASSIFICATION NUMBER
Classification number 526.9
Item number SHA/1982
100 ## - MAIN ENTRY--PERSONAL NAME
Personal name Shajahan, M.
245 ## - TITLE STATEMENT
Title Text book of surveying
250 ## - EDITION STATEMENT
Edition statement 1st ed.
260 ## - PUBLICATION, DISTRIBUTION, ETC. (IMPRINT)
Place of publication, distribution, etc. Dacca
Name of publisher, distributor, etc. Kazi Mahfuzur Rahman
Date of publication, distribution, etc. 1982
300 ## - PHYSICAL DESCRIPTION
Extent x, 367p.
Other physical details ill.
650 #0 - SUBJECT ADDED ENTRY--TOPICAL TERM
Topical term or geographic name as entry element Surveying
700 ## - ADDED ENTRY--PERSONAL NAME
Personal name Aziz, M. A.
942 ## - ADDED ENTRY ELEMENTS (KOHA)
Koha item type General Book
Holdings
Withdrawn status Koha out on loan Koha date last seen Koha item type Source of classification or shelving scheme Sublocation or collection (holding branch) Copy number Shelving location Piece designation (barcode) Koha issues (times borrowed) Koha normalized classification for sorting Not for loan Price effective from Location (home branch) Date acquired Damaged status Koha full call number Lost status Koha date last borrowed
  2025-12-02General Book Central Library, BUET1Circulation section56198 7526_900000000000000_SHA_1982 2015-02-01Central Library, BUET2015-02-01 526.9/SHA/1982 2024-11-19
 2024-12-032024-11-19General Book Central Library, BUET2Circulation section562008526_900000000000000_SHA_1982 2015-03-24Central Library, BUET2015-03-24 526.9/SHA/1982 2024-11-19
  2015-06-08Reading Item Central Library, BUET3Reading section56191 526_900000000000000_SHA_1982 2015-06-08Central Library, BUET2015-06-08 526.9/SHA/1982  
  2015-06-08Reading Item Central Library, BUET4Reading section56195 526_900000000000000_SHA_1982 2015-06-08Central Library, BUET2015-06-08 526.9/SHA/1982  
  2015-06-09Reading Item Central Library, BUET5Reading section56192 526_900000000000000_SHA_1982 2015-06-09Central Library, BUET2015-06-09 526.9/SHA/1982  
  2015-06-13Reading Item Central Library, BUET6Reading section56194 526_900000000000000_SHA_1982 2015-06-13Central Library, BUET2015-06-13 526.9/SHA/1982